000
00323nam a2200133Ia 4500
005
20260328104318.0
008
260328s9999||||xx |||||||||||||| ||und||
100
_a
Jodidio, Philip
245
0
_a
Green Architecture Now /
_c
Philip Jodidio
260
_b
Taschen
300
_a
320 p.
650
_a
ARQUITECTURA
942
_c
BK
999
_c
11250
_d
11250